[Event "Helsinki"]
[Site "Helsinki"]
[Date "1986.??.??"]
[Round "9"]
[White "Yrjola, Jouni"]
[Black "Binham, Timothy F"]
[Result "1-0"]
[WhiteElo "2440"]
[BlackElo "2370"]

1.d4 d5 2.c4 c6 3.Nc3 Nf6 4.e3 e6 5.Nf3 Nbd7 6.Bd3 Bd6 7.O-O O-O 8.e4 dxe4
9.Nxe4 Nxe4 10.Bxe4 h6 11.b3 e5 12.Bc2 Re8 13.Bb2 e4 14.Ne5 Qc7 15.f4 Nf6
16.Qe2 b5 17.c5 Bf8 18.g4 a5 19.g5 hxg5 20.fxg5 Rxe5 21.dxe5 Bxc5+ 22.Kh1 Ng4
23.Bxe4 Be6 24.Rf4  1-0

[Event "NLD-ch"]
[Site "Hilversum"]
[Date "1986.??.??"]
[Round "5"]
[White "Scheeren, Peter"]
[Black "Kuijf, Marinus"]
[Result "0-1"]
[WhiteElo "2455"]
[BlackElo "2420"]

1.d4 d5 2.c4 c6 3.Nf3 Nf6 4.Nc3 e6 5.e3 Nbd7 6.Bd3 dxc4 7.Bxc4 b5 8.Bd3 a6
9.e4 c5 10.d5 c4 11.dxe6 cxd3 12.exd7+ Qxd7 13.O-O Bb7 14.e5 Nd5 15.Qxd3 Nxc3
16.Qxc3 Rc8 17.Qb3 Be7 18.Bf4 Qf5 19.Bg3 h5 20.e6 fxe6 21.Rfe1 Bd5 22.Qe3 h4
23.Be5 O-O 24.Nd4 Qg6 25.Qh3 Rc4 26.Rad1 Bb4 27.Re3 Bc5 28.Ree1 Bb6 29.g3 Rc2
30.Bf4 Rxf4 31.Nxc2 Qxc2  0-1

[Event "HUN-ch"]
[Site "?"]
[Date "1986.??.??"]
[Round "?"]
[White "Groszpeter, Attila"]
[Black "Lukacs, Peter"]
[Result "1-0"]
[WhiteElo "2470"]
[BlackElo "2460"]

1.d4 Nf6 2.c4 e6 3.Nf3 d5 4.Nc3 c6 5.e3 Nbd7 6.Bd3 dxc4 7.Bxc4 b5 8.Bd3 a6
9.e4 c5 10.d5 c4 11.dxe6 cxd3 12.exd7+ Qxd7 13.O-O Bb7 14.Re1 Be7 15.e5 Nd5
16.Ne4 O-O 17.Qxd3 Qg4 18.Ng3 Nb4 19.Qf5 Qg6 20.Rd1 Rfd8 21.Bg5 Bxg5 22.Nxg5 Bd5
23.a3 Nc6 24.Qxg6 hxg6 25.f4 f6 26.exf6 gxf6 27.N5e4 Kg7 28.Rac1 f5 29.Nc5 Na5
30.Re1 Kf6 31.Re2 Bc4 32.Re5 Rd2 33.Nge4+  1-0

[Event "Jerusalem"]
[Site "Jerusalem"]
[Date "1986.??.??"]
[Round "?"]
[White "Birnboim, Nathan"]
[Black "Rechlis, Gad"]
[Result "1-0"]
[WhiteElo "2445"]
[BlackElo "2430"]

1.d4 d5 2.c4 c6 3.Nf3 Nf6 4.Nc3 e6 5.e3 Nbd7 6.Bd3 dxc4 7.Bxc4 b5 8.Bd3 a6
9.e4 c5 10.d5 c4 11.dxe6 cxd3 12.exd7+ Qxd7 13.O-O Bb7 14.Re1 Be7 15.e5 Nd5
16.Ne4 O-O 17.Qxd3 h6 18.Ng3 Rfd8 19.e6 Qe8 20.Qe4 fxe6 21.Bxh6 gxh6 22.Qg4+ Kh8
23.Rxe6 Nf6 24.Qf4 Bxf3 25.Qxh6+ Nh7 26.Qe3 Rd7 27.Qc3+ Kg8 28.Nf5 Nf6 29.Qxf3 Raa7
30.Qg3+ Kf7 31.Rxe7+  1-0

[Event "DSV-Turnier"]
[Site "Leipzig"]
[Date "1986.??.??"]
[Round "9"]
[White "Yakovich, Yuri"]
[Black "Knaak, Rainer"]
[Result "1/2-1/2"]
[WhiteElo "2440"]
[BlackElo "2505"]

1.d4 d5 2.c4 e6 3.Nc3 c6 4.Nf3 Nf6 5.e3 Nbd7 6.Bd3 Bb4 7.O-O O-O 8.Qc2 dxc4
9.Bxc4 Bd6 10.Bb3 e5 11.h3 Bc7 12.Bd2 h6 13.Rac1 Re8 14.Qg6 Re7 15.dxe5 Nxe5
16.Nxe5 Bxe5 17.Rfd1 Be6 18.Qc2 Bxb3 19.Qxb3 Rc8 20.Ne2 Bb8 21.Bb4 Rd7 22.Rxd7 Qxd7
23.Rd1 Qf5 24.Nd4 Qd5 25.Qxd5 Nxd5 26.Nf5 Re8 27.Ne7+  1/2-1/2

[Event "Lisboa"]
[Site "Lisboa"]
[Date "1986.??.??"]
[Round "?"]
[White "Bellon Lopez, Juan Manuel"]
[Black "Bagirov, Vladimir"]
[Result "1/2-1/2"]
[WhiteElo "2430"]
[BlackElo "2485"]

1.d4 d5 2.c4 c6 3.Nf3 Nf6 4.Nc3 e6 5.e3 Nbd7 6.Qc2 Bd6 7.b3 O-O 8.Bb2 e5
9.dxe5 Nxe5 10.Nxe5 Bxe5  1/2-1/2

[Event "GLC Masters"]
[Site "London"]
[Date "1986.??.??"]
[Round "8"]
[White "Knott, Simon JB"]
[Black "Walker, Susan"]
[Result "1-0"]
[WhiteElo "2320"]
[BlackElo "2220"]

1.c4 Nf6 2.Nc3 e6 3.Nf3 d5 4.d4 c6 5.e3 Nbd7 6.Bd3 dxc4 7.Bxc4 b5 8.Bd3 Bb7
9.e4 b4 10.Na4 c5 11.e5 Nd5 12.O-O cxd4 13.Re1 Be7 14.Nxd4 O-O 15.Qh5 g6
16.Qh6 Re8 17.Bxg6 hxg6 18.Nxe6 fxe6 19.Qxg6+ Kh8 20.Qh6+ Kg8 21.Qxe6+ Kh8
22.Qh6+ Kg8 23.Re4 Nxe5 24.Rxe5 Nf6 25.Rg5+ Kf7 26.Rg7+ Ke6 27.Bf4 Qa5 28.Qh3+ Qf5
29.Rxe7+  1-0

[Event "London"]
[Site "London"]
[Date "1986.??.??"]
[Round "12"]
[White "Larsen, Bent"]
[Black "Flear, Glenn C"]
[Result "1/2-1/2"]
[WhiteElo "2575"]
[BlackElo "2485"]

1.c4 e6 2.Nc3 d5 3.d4 c6 4.e3 Nf6 5.Nf3 Nbd7 6.Bd3 Bb4 7.O-O O-O 8.Bd2 dxc4
9.Bxc4 Bd6 10.Qc2 e5 11.Rae1 Qe7 12.Ng5 h6 13.Nge4 Bc7 14.d5 Nb6 15.Nxf6+ Qxf6
16.Bb3 Rd8 17.e4 cxd5 18.Nxd5 Nxd5 19.Bxd5 Bb6 20.Be3 Qg6 21.Qe2 Rb8 22.Rc1 Bg4
23.f3 Be6 24.Bxb6 axb6 25.Bxe6 Qxe6 26.b3 Rbc8 27.h3 f6 28.Kh2 Kh7 29.Qe3 Rxc1
30.Rxc1 Qd6 31.Rc2 Kg6 32.Qc1 Qd4 33.Kg3 h5 34.h4 Rd7 35.Qe1 Qd3 36.Rc3 Qd4
37.Qe3 Qxe3 38.Rxe3 Rd2 39.a3 Ra2 40.b4 Rd2 41.Rc3 Rd7 42.Kf2 Rd2+ 43.Kf1 Rd7
44.Ke2 f5 45.exf5+ Kxf5 46.Ke3 g6 47.Rc8 Kf6 48.Rb8 Kf5 49.g3 Ke6 50.g4 hxg4
51.fxg4 Rd4 52.Rxb7 Rxg4 53.Rxb6+ Kf5 54.a4 Rxh4 55.a5 Rh3+ 56.Kd2 Ra3 57.a6 g5
58.b5 g4 59.Rb8 g3 60.Rg8 Kf4 61.Rf8+ Kg4 62.Ke2 Ra2+ 63.Kf1 g2+ 64.Kg1 Kg3
65.Rg8+ Kh3 66.Rh8+  1/2-1/2

[Event "Lugano op"]
[Site "Lugano"]
[Date "1986.??.??"]
[Round "?"]
[White "Meyer, Peter"]
[Black "Torre, Eugenio"]
[Result "0-1"]
[WhiteElo "2305"]
[BlackElo "2525"]

1.d4 Nf6 2.c4 e6 3.Nf3 d5 4.Nc3 c6 5.e3 Nbd7 6.Bd3 dxc4 7.Bxc4 b5 8.Bd3 a6
9.e4 c5 10.e5 cxd4 11.Nxb5 Nxe5 12.Nxe5 axb5 13.Qf3 Bb4+ 14.Ke2 Rb8 15.Qg3 Qd6
16.Nc6 Qxc6 17.Qxb8 O-O 18.f3 e5 19.Qxb5 Qd6 20.a3 Bc5 21.Kd1 Be6 22.Bd2 e4
23.Rc1 exd3 24.Rxc5 Rb8 25.Qc6 Qxc6 26.Rxc6 Rxb2 27.Kc1 Ra2 28.Rb6 h6 29.Rb8+ Kh7
30.Rb2 Ra1+ 31.Rb1 Rxa3 32.Bb4 Ra4 33.Re1 Nd5 34.Bd6 Ra2 35.Rb2 d2+  0-1

[Event "URS-ch otbor"]
[Site "Minsk"]
[Date "1986.??.??"]
[Round "?"]
[White "Nenashev, Alexander"]
[Black "Kaidanov, Grigory S"]
[Result "0-1"]
[WhiteElo "2415"]
[BlackElo "2415"]

1.d4 Nf6 2.Nf3 d5 3.c4 e6 4.Nc3 c6 5.e3 Nbd7 6.Bd3 dxc4 7.Bxc4 b5 8.Bd3 a6
9.e4 c5 10.d5 c4 11.dxe6 cxd3 12.exd7+ Qxd7 13.O-O Bb7 14.Bg5 Be7 15.Re1 Rd8
16.e5 Ng4 17.Ne4 O-O 18.Qd2 Bxg5 19.Qxg5 Bxe4 20.Rxe4 f6 21.exf6 Nxf6 22.Re3 Rfe8
23.Rd1 Rxe3 24.Qxe3 Qd5 25.Ne5 Re8 26.f4 Ng4 27.Qxd3 Qc5+ 28.Qd4 Rd8  0-1

[Event "Paris"]
[Site "Paris"]
[Date "1986.??.??"]
[Round "?"]
[White "Dlugy, Maxim"]
[Black "Flear, Glenn C"]
[Result "1/2-1/2"]
[WhiteElo "2500"]
[BlackElo "2505"]

1.d4 d5 2.c4 e6 3.Nf3 Nf6 4.Nc3 c6 5.e3 Nbd7 6.Qc2 Bd6 7.Bd3 O-O 8.O-O e5
9.cxd5 cxd5 10.Nb5 Bb8 11.dxe5 Nxe5 12.Nxe5 Bxe5 13.Bd2 Bd7 14.Bc3 Rc8 15.Qb3 Bb8
16.Nd4 Qc7 17.Nf3 Bg4 18.Be5 Qe7 19.Bxb8 Rxb8 20.Nd4 Rfc8 21.Rac1 Be6 22.Qa4 a6
23.Ne2 h6 24.Qd4 Rxc1 25.Rxc1 Rc8 26.Nc3 Qc5 27.Qa4 Qd6 28.h3 Rc6 29.Rd1 Qc5
30.Rd2 Rc8 31.Qd1 Qc7 32.Bc2 Qe5 33.Rd4 Qg5 34.Qf3 Qe5 35.Qd1 Kh8 36.Bd3 Kg8
37.Bc2 Kh8  1/2-1/2

[Event "Philadelphia op"]
[Site "Philadelphia"]
[Date "1986.??.??"]
[Round "?"]
[White "Pinter, Jozsef"]
[Black "Colias, Billy"]
[Result "1-0"]
[WhiteElo "2555"]
[BlackElo "2225"]

1.d4 d5 2.Nf3 Nf6 3.c4 c6 4.e3 e6 5.Nc3 Nbd7 6.Bd3 dxc4 7.Bxc4 b5 8.Bd3 a6
9.e4 c5 10.d5 c4 11.dxe6 fxe6 12.Bc2 Qc7 13.O-O Bb7 14.Qe2 O-O-O 15.Ng5 Nc5
16.e5 h6 17.Nxe6 Qc6 18.Nf4 Re8 19.Bg6 Bd6 20.Bxe8 Rxe8 21.f3 Bxe5 22.Qf2 Qd6
23.Be3 Nd3 24.Nxd3 Bxh2+ 25.Kh1 cxd3 26.Rac1 Kb8 27.Bc5 Qf4 28.Qd4 Qxd4 29.Bxd4 Bf4
30.Rce1 Rd8 31.Be5+ Bxe5 32.Rxe5 b4 33.Nd1 Nd5 34.Rfe1 Ka7 35.Ne3 Nf4 36.Rd1 Rc8
37.Re7 g5 38.Kh2 Kb8 39.Rd2 Rd8 40.Nc4 Rd4 41.Na5 Ba8 42.Nb3 Rd6 43.Re3 Bc6
44.g3 Ng6 45.Nc5 a5 46.Rdxd3 Rxd3 47.Nxd3 Bd5 48.b3 Kc7 49.Kg1 Kd6 50.Kf2 h5
51.Re8 Kd7 52.Rb8 Bc6 53.Rg8  1-0

[Event "Philadelphia op"]
[Site "Philadelphia"]
[Date "1986.??.??"]
[Round "?"]
[White "Farago, Ivan"]
[Black "Colias, Billy"]
[Result "1-0"]
[WhiteElo "2520"]
[BlackElo "2225"]

1.d4 d5 2.c4 c6 3.Nc3 Nf6 4.e3 e6 5.Nf3 Nbd7 6.Bd3 dxc4 7.Bxc4 b5 8.Bd3 a6
9.e4 c5 10.d5 c4 11.dxe6 cxd3 12.exd7+ Qxd7 13.O-O Bb7 14.Bg5 Be7 15.e5 Nd5
16.Qxd3 Nxc3 17.Qxc3 O-O 18.Rad1 Qe6 19.Bxe7 Qxe7 20.Rfe1 Rac8 21.Qb3 Rfe8
22.Nd4 Rc4 23.Qe3 Qd7 24.b3 Rcc8 25.h3 Rcd8 26.Rd2 h6 27.Red1 Qc7 28.f4 f6
29.e6 Qb6 30.Kh2 Qc5 31.Qg3 Kh7 32.Nf5 Qxf5 33.Rxd8 Rxd8 34.Rxd8 Qxe6 35.Qd3+ Be4
36.Qd6 Qf7 37.Qf8 Qc7 38.Qh8+ Kg6 39.Qe8+ Kf5 40.Qd7+ Qxd7 41.Rxd7 b4 42.Kg3 g6
43.Ra7 Bd3 44.Rb7 Bb5 45.Rb6 h5 46.Rd6  1-0

[Event "Philadelphia"]
[Site "Philadelphia"]
[Date "1986.??.??"]
[Round "?"]
[White "Donaldson, John W"]
[Black "Dauvergne, Peter"]
[Result "0-1"]
[WhiteElo "2420"]
[BlackElo "2200"]

1.Nf3 Nf6 2.c4 e6 3.Nc3 d5 4.d4 c6 5.e3 Be7 6.Bd3 O-O 7.O-O Nbd7 8.b3 b6
9.Bb2 Bb7 10.Qe2 Qc7 11.Rad1 Rfd8 12.e4 dxe4 13.Nxe4 Nxe4 14.Qxe4 Nf6 15.Qh4 h6
16.Ne5 c5 17.dxc5 Qxc5 18.Rfe1 Rd6 19.Re3 Rad8 20.Qf4 Kf8 21.Rg3 Be4 22.Re3 Bxd3
23.Rexd3 Qa5 24.Bd4 Qxa2 25.Qc1 Qe2 26.Qa1 a5 27.h3 Qe4 28.Nf3 Kg8 29.R3d2 Qc6
30.Ne5 Qb7 31.Qc3 Qe4 32.Nf3 Qf5 33.Qe3 Ne4 34.g4 Qh7 35.Re2 Nc5 36.Rde1 R6d7
37.Qc3 Nd3 38.Rd1 Nf4 39.Red2 Bb4  0-1

[Event "POL-ch"]
[Site "?"]
[Date "1986.??.??"]
[Round "6"]
[White "Sygulski, Artur"]
[Black "Kuczynski, Robert"]
[Result "0-1"]
[WhiteElo "2440"]
[BlackElo "2410"]

1.d4 d5 2.Nf3 Nf6 3.c4 c6 4.Nc3 e6 5.e3 Nbd7 6.Qc2 Bd6 7.b3 O-O 8.Be2 dxc4
9.bxc4 e5 10.O-O Re8 11.Bb2 e4 12.Nd2 Qe7 13.Rae1 Nf8 14.f4 exf3 15.Bxf3 Bc7
16.c5 Ng4 17.Bxg4 Bxg4 18.e4 Ne6 19.Nb3 Rad8 20.Qf2 Nf4 21.Re3 Be6 22.e5 Nd5
23.Rg3 Nxc3 24.Bxc3 Kh8 25.Nd2 Bd5 26.Nf3 h6 27.Rg4 Qd7 28.Qg3 Bxf3 29.Qxf3 Rf8
30.e6 fxe6 31.Qxf8+ Rxf8 32.Rxf8+ Kh7 33.d5 e5 34.d6 Bxd6 35.cxd6 Qxg4 36.Bxe5 Qe2
37.Bg3 Qe3+ 38.Rf2 g5 39.Kf1 Qc1+ 40.Ke2 Qc2+ 41.Ke3 Qc3+ 42.Ke4 Kg6 43.Rf8 Qc4+
44.Ke3 Qe6+ 45.Kd3 h5 46.h4 g4 47.Bf4 c5 48.a4 b6  0-1

[Event "POL-ch"]
[Site "?"]
[Date "1986.??.??"]
[Round "12"]
[White "Tomaszewski, Roman"]
[Black "Hawelko, Marek"]
[Result "0-1"]
[WhiteElo "2390"]
[BlackElo "2440"]

1.d4 d5 2.c4 e6 3.Nc3 c6 4.e3 Nf6 5.Nf3 Nbd7 6.Qc2 Bd6 7.b3 O-O 8.Be2 e5
9.cxd5 Nxd5 10.Nxd5 cxd5 11.dxe5 Nxe5 12.Nd4 Qg5 13.g3 Qf6 14.f4 Nc6 15.Bb2 Qe7
16.Kf2 Re8 17.Qd3 Bc5 18.Bf3 Bh3 19.Rhe1 Rac8 20.Re2 Bb6 21.a3 Qd7 22.g4 Bxg4
23.Rg1 Bxf3 24.Nf5 Bxe2 25.Bxg7 Bxe3+ 26.Qxe3 Qxf5 27.Qc5 Qxf4+ 28.Ke1  0-1

[Event "FIN-ch"]
[Site "Pori"]
[Date "1986.??.??"]
[Round "?"]
[White "Yrjola, Jouni"]
[Black "Valkesalmi, Kimmo"]
[Result "1/2-1/2"]
[WhiteElo "2440"]
[BlackElo "2405"]

1.d4 d5 2.c4 c6 3.Nc3 Nf6 4.e3 e6 5.Nf3 Nbd7 6.Bd3 dxc4 7.Bxc4 b5 8.Bb3 b4
9.Na4 Be7 10.Bd2 O-O 11.Rc1 Bb7 12.O-O Re8 13.Qe2 Qa5 14.Rfd1 Ne4 15.Be1 c5  1/2-1/2

[Event "Poznan"]
[Site "Poznan"]
[Date "1986.??.??"]
[Round "10"]
[White "Sarwinski, Miroslaw"]
[Black "Muse, Mladen"]
[Result "1/2-1/2"]
[WhiteElo "2410"]
[BlackElo "2435"]

1.d4 d5 2.Nf3 Nf6 3.c4 c6 4.Nc3 e6 5.e3 Nbd7 6.Bd3 dxc4 7.Bxc4 b5 8.Bd3 a6
9.e4 c5 10.e5 cxd4 11.Nxb5 Nxe5 12.Nxe5 axb5 13.O-O Qd5 14.Qe2 Rb8 15.Bf4 Bd6
16.Rfc1 O-O 17.Nc6 Rb6 18.Bxd6 Qxd6 19.Na7 Bb7 20.Nxb5 Qf4 21.a4 Ng4 22.g3 Qg5
23.Be4 Bxe4 24.Qxe4 Qh5 25.Qxd4 Qxh2+ 26.Kf1 Qh3+ 27.Ke2 Rbb8 28.Rh1 Nh2
29.Qh4 Qxh4 30.gxh4 Ng4 31.Rhc1 Nf6 32.Rc5 Nd7 33.Rc7 Ne5 34.Rd1 Ng6 35.Rd4 e5
36.Rdd7 Nf4+ 37.Ke3 Ne6 38.Rc4 Nd4 39.Rd5 Rfe8 40.Nd6 Red8 41.Rxe5 f6 42.Rd5 Rxd6
43.Kxd4 Rxd5+ 44.Kxd5 Rxb2 45.Kc6 Rxf2 46.a5 Ra2 47.Kb5 g5 48.a6 Kf7 49.Ra4 Rb2+
50.Ka5 Rb8 51.a7 Ra8 52.Kb6 Kg6 53.Kb7 Rf8 54.hxg5 fxg5 55.a8=Q Rxa8 56.Rxa8 h5
57.Kc6 Kf5 58.Kd5 h4 59.Rf8+ Kg4 60.Ke4 h3 61.Rh8 Kg3 62.Kf5  1/2-1/2

[Event "Reggio Emilia8687"]
[Site "Reggio Emilia"]
[Date "1986.??.??"]
[Round "?"]
[White "Smyslov, Vassily"]
[Black "Van der Wiel, John TH"]
[Result "1-0"]
[WhiteElo "2555"]
[BlackElo "2570"]

1.Nf3 d5 2.c4 c6 3.e3 Nf6 4.Nc3 e6 5.d4 Nbd7 6.Bd3 Bb4 7.O-O O-O 8.Qc2 dxc4
9.Bxc4 Bd6 10.b3 Qe7 11.Bb2 g6 12.Ne4 Nxe4 13.Qxe4 Nb6 14.Be2 Nd5 15.Ne5 Bd7
16.Bf3 Rfd8 17.Qc2 Ba3 18.Bxa3 Qxa3 19.e4 Nc7 20.Rfd1 Qf8 21.Nc4 Be8 22.e5 Rd7
23.a4 Qb4 24.Nd6 Rxd6 25.exd6 Qxd6 26.Qc5 Qxc5 27.dxc5 Kf8 28.Be2 Ke7 29.Bc4 Nd5
30.Rd4 Nf6 31.a5 a6 32.Re1 Rd8 33.Rxd8 Kxd8 34.f4 Ke7 35.Kf2 Nd7 36.b4 Nf6
37.Kf3 h5 38.g3 Nd5 39.h3 Kd7 40.g4 hxg4+ 41.hxg4 Kc7 42.Bxd5 cxd5 43.f5 gxf5
44.gxf5 Bd7 45.f6 Ba4 46.Kf4 Kd7 47.Ke5 Bc2 48.Rg1 Kc6 49.Rg7 d4 50.Kxd4 e5+
51.Kc3  1-0

[Event "Reggio Emilia8687"]
[Site "Reggio Emilia"]
[Date "1986.??.??"]
[Round "?"]
[White "Nogueiras, Jesus"]
[Black "Chernin, Alexander"]
[Result "1/2-1/2"]
[WhiteElo "2570"]
[BlackElo "2565"]

1.d4 d5 2.c4 c6 3.Nc3 Nf6 4.e3 e6 5.Nf3 Nbd7 6.Bd3 dxc4 7.Bxc4 b5 8.Bd3 Bb7
9.O-O b4 10.Ne4 Be7 11.Nxf6+ Nxf6 12.e4 O-O 13.Qc2 h6 14.e5 Nd7 15.Bh7+ Kh8
16.Be4 Qb6 17.Be3 c5  1/2-1/2

[Event "Reykjavik op"]
[Site "Reykjavik"]
[Date "1986.??.??"]
[Round "9"]
[White "Van der Sterren, Paul"]
[Black "Donaldson, John W"]
[Result "1-0"]
[WhiteElo "2470"]
[BlackElo "2420"]

1.d4 d5 2.c4 c6 3.Nf3 Nf6 4.Nc3 e6 5.e3 Nbd7 6.Bd3 dxc4 7.Bxc4 b5 8.Bd3 a6
9.e4 c5 10.d5 c4 11.Bc2 Nc5 12.Bg5 b4 13.Ne2 exd5 14.e5 h6 15.Bh4 g5 16.Nxg5 hxg5
17.Bxg5 Qa5 18.Bxf6 b3+ 19.Qd2 Qxd2+ 20.Kxd2 Rg8 21.axb3 cxb3 22.Bh7 Rxg2
23.Rag1 Bh3 24.Rxg2 Bxg2 25.Rg1 Be4 26.Bxe4 Nxe4+ 27.Kd3 Kd7 28.Bh4 Be7 29.Bxe7 Kxe7
30.Nf4 Nc5+ 31.Ke3 Rh8 32.Rc1 Nd7 33.e6 d4+ 34.Kxd4 Rh4 35.Ke3 Ne5 36.Rc7+ Kf6
37.exf7 Nxf7 38.Rc6+ Kf5 39.Rc5+ Kf6 40.Rc6+ Kf5 41.Rc5+ Kf6 42.Ra5 Rxh2
43.Rxa6+ Ke5 44.Ra5+ Kd6 45.Rb5 Nh6 46.Nd3  1-0

[Event "Sochi"]
[Site "Sochi"]
[Date "1986.??.??"]
[Round "4"]
[White "Tal, Mihail"]
[Black "Sveshnikov, Evgeny"]
[Result "1/2-1/2"]
[WhiteElo "2600"]
[BlackElo "2535"]

1.c4 e6 2.Nf3 d5 3.d4 Nf6 4.Nc3 c6 5.e3 Nbd7 6.Bd3 dxc4 7.Bxc4 b5 8.Bd3 Bb7
9.O-O b4 10.Ne4 Be7 11.Nxf6+ Nxf6 12.e4 O-O 13.e5 Nd7 14.Be4 f5 15.exf6 Nxf6
16.Bc2 c5 17.Bb3 Bd5 18.dxc5 Bxc5 19.Bg5 Qb6 20.Bxd5 Nxd5 21.Qd3 Rf5 22.Rae1 h6
23.Bd2 Raf8 24.Re2 R8f6 25.Rc1 Qd6 26.Qc2 Ne7 27.Be3 Bxe3 28.Rxe3 Ra5 29.Nd2 Qd5
30.Rd3 Qf5 31.Ne4 Rf8 32.Rf3 Qe5 33.Rxf8+ Kxf8 34.Nc5 Kg8 35.Nd3 Qd6 36.Qb3  1/2-1/2

[Event "Sochi"]
[Site "Sochi"]
[Date "1986.??.??"]
[Round "5"]
[White "Ionescu, Constantin"]
[Black "Chernin, Alexander"]
[Result "0-1"]
[WhiteElo "2495"]
[BlackElo "2565"]

1.d4 d5 2.Nf3 Nf6 3.c4 e6 4.Nc3 c6 5.e3 Bd6 6.Qc2 Nbd7 7.b3 O-O 8.Be2 Re8
9.O-O dxc4 10.bxc4 e5 11.Bb2 e4 12.Nd2 Qe7 13.Rae1 Nf8 14.Bd1 Bc7 15.f3 exf3
16.Nxf3 Be6 17.Be2 Bg4 18.Bd3 Rad8 19.Kh1 Ng6 20.Nd1 Nh5 21.Qf2 f5 22.e4 Nhf4
23.Bc2 fxe4 24.Rxe4 Qd7 25.Ne3 Bh5 26.Rxe8+ Rxe8 27.Ng1 Qe7 28.Nf5 Qb4 29.Ba1 Be2
30.Re1 Ba5 31.Rb1 Qd2 32.Bb3 Bd3 33.Qxd2 Bxd2 34.Rd1 Bxf5 35.Rxd2 Re1 36.Rd1 Be4
37.h3 Re3 38.Kh2  0-1

[Event "BCF-ch"]
[Site "Southampton"]
[Date "1986.??.??"]
[Round "3"]
[White "Hebden, Mark"]
[Black "Flear, Glenn C"]
[Result "1-0"]
[WhiteElo "2440"]
[BlackElo "2505"]

1.d4 d5 2.c4 e6 3.Nc3 c6 4.Nf3 Nf6 5.e3 Nbd7 6.Bd3 dxc4 7.Bxc4 b5 8.Bb3 b4
9.Ne2 Bb7 10.Nf4 Bd6 11.Ng5 Bxf4 12.exf4 O-O 13.O-O c5 14.Be3 cxd4 15.Bxd4 Qa5
16.Re1 h6 17.Nxe6 fxe6 18.Bxe6+ Rf7 19.Bxf6 Nxf6 20.Re5 Qb6 21.Qb3 Rf8 22.Rd1 Ne4
23.Qe3 Qxe3 24.fxe3 Kh7 25.Bxf7 Rxf7 26.Rb5 Nf6 27.Rxb4 Bd5 28.b3 Re7 29.Rbd4 Be4
30.h3 h5 31.Rc1 h4 32.Rc5 Bb1 33.Re5 Rc7 34.f5 Bxa2 35.Rxh4+ Kg8 36.Rb4 Rc3
37.Re7 Nd5 38.Rb8+ Kh7 39.Ree8 Kh6 40.h4 Kh5 41.Re4 Rc6 42.Kh2 Bb1 43.Kh3  1-0

[Event "BCF-ch"]
[Site "Southampton"]
[Date "1986.??.??"]
[Round "8"]
[White "Condie, Mark L"]
[Black "Prasad, Devaki V"]
[Result "1/2-1/2"]
[WhiteElo "2410"]
[BlackElo "2410"]

1.Nf3 Nf6 2.c4 e6 3.d4 d5 4.Nc3 c6 5.e3 Be7 6.Bd3 Nbd7 7.O-O O-O 8.e4 dxe4
9.Nxe4 Nxe4 10.Bxe4 Nf6 11.Bc2 b6 12.Qd3 Bb7 13.Bg5 g6 14.Rad1 Qc7 15.Rfe1 Rfd8
16.Ne5 Nh5 17.Bxe7 Qxe7 18.Qe3 Rac8 19.Be4 c5 20.Bxb7 Qxb7 21.dxc5 bxc5 22.b3 Qc7
23.Qc3 Rxd1 24.Rxd1 Rd8 25.Rxd8+ Qxd8 26.g3 Qd6 27.Kg2 f6 28.Ng4 e5 29.Qf3 Qe7
30.Qa8+ Kg7 31.Ne3 f5 32.Nd5 Qd7 33.Qb8 e4 34.Qe5+ Kf7 35.Qh8 Ng7 36.Qxh7 f4
37.Nxf4 Qg4 38.h3 Qf5 39.Qh8 g5 40.Nd5 Qf3+ 41.Kg1 Qd1+ 42.Kh2 Qf3 43.Kg1  1/2-1/2

[Event "Tatran Cup"]
[Site "Stary Smokovec"]
[Date "1986.??.??"]
[Round "?"]
[White "Tibensky, Robert"]
[Black "Lanc, Alois"]
[Result "1/2-1/2"]
[WhiteElo "2380"]
[BlackElo "2495"]

1.d4 d5 2.c4 e6 3.Nc3 c6 4.e3 Nf6 5.Nf3 Nbd7 6.a4 a5 7.Bd3 Bd6 8.O-O O-O
9.Nd2 e5 10.cxd5 cxd5 11.Nb5 Bb8 12.f4 exf4 13.exf4 Re8 14.Qf3 Nf8 15.f5 Bd7
16.Nb3 h6 17.Bf4 N8h7 18.Bxb8 Rxb8 19.Rfe1 Bxb5 20.Bxb5 Rxe1+ 21.Rxe1 Rc8
22.Nc5 b6 23.Nd3 Ne4 24.Nf4 Nhf6 25.Qb3 Qd6 26.Nxd5 Nxd5 27.Rxe4 Rc1+ 28.Bf1 Nf6
29.Rh4 h5 30.h3 Ng4 31.hxg4 Qxd4+ 32.Kh2 Rxf1 33.Qg3 Qg1+ 34.Kh3 Qh1+ 35.Qh2 Qxh2+
36.Kxh2 hxg4 37.Rxg4 Rxf5 38.b4 Rf1 39.Rg5 f5 40.Rg6 axb4 41.Rxb6 Rb1 42.Kg3 b3
43.Kf4 b2 44.Kg5 f4 45.Kg4 f3 46.Kg3  1/2-1/2

[Event "SWZ-ch (Women)"]
[Site "?"]
[Date "1986.??.??"]
[Round "?"]
[White "Lematschko, Tatjana"]
[Black "Baumann, Claude"]
[Result "1-0"]
[WhiteElo "2225"]
[BlackElo "1920"]

1.d4 d5 2.c4 c6 3.Nc3 Nf6 4.Nf3 e6 5.e3 Bd6 6.Qc2 Nbd7 7.e4 dxe4 8.Nxe4 Nxe4
9.Qxe4 Nf6 10.Qe3 O-O 11.Bd2 Re8 12.Ne5 Nd7 13.O-O-O f6 14.Nxd7 Bxd7 15.c5 Bc7
16.Bc4 Kh8 17.f3 Qe7 18.Bc3 Rad8 19.Rd2 e5 20.dxe5 Bxe5 21.Bxe5 Qxe5 22.Qxe5 Rxe5
23.b4 g6 24.Rhd1 Re7 25.Rd6 Kg7 26.Be6 Rxe6 27.Rxe6 Bxe6 28.Rxd8 b6 29.Ra8  1-0

[Event "Szirak"]
[Site "Szirak"]
[Date "1986.??.??"]
[Round "?"]
[White "Ftacnik, Lubomir"]
[Black "Nogueiras, Jesus"]
[Result "1/2-1/2"]
[WhiteElo "2555"]
[BlackElo "2570"]

1.d4 d5 2.Nf3 Nf6 3.c4 e6 4.Nc3 c6 5.e3 Nbd7 6.Bd3 dxc4 7.Bxc4 b5 8.Bd3 a6
9.e4 c5 10.e5 cxd4 11.Nxb5 Ng4 12.Qa4 Ngxe5 13.Nxe5 Nxe5 14.Nd6+ Ke7 15.Nxc8+ Rxc8
16.Bxa6 Ra8 17.Qb5 Qd5 18.Qxd5 exd5 19.Bb5 Kf6 20.Ke2 Bd6 21.Bf4 d3+ 22.Bxd3 Nxd3
23.Bxd6 Nxb2 24.Rhc1 Rhe8+ 25.Kf1 Re6 26.Bc5 Ra4 27.Rc3 Ree4 28.a3 Rac4 29.Bb4 Na4
30.Rh3 d4 31.Re1 Re6 32.Rf3+  1/2-1/2

[Event "Tirnavia"]
[Site "Trnava"]
[Date "1986.??.??"]
[Round "3"]
[White "Plachetka, Jan"]
[Black "Lukacs, Peter"]
[Result "1-0"]
[WhiteElo "2430"]
[BlackElo "2460"]

1.c4 Nf6 2.Nc3 e6 3.Nf3 d5 4.d4 c6 5.e3 Nbd7 6.Bd3 dxc4 7.Bxc4 b5 8.Bd3 a6
9.e4 c5 10.e5 cxd4 11.Nxb5 Nxe5 12.Nxe5 axb5 13.O-O Qd5 14.Qe2 Ba6 15.Bg5 Be7
16.f4 O-O 17.Rf3 Bb7 18.Rg3 g6 19.h4 Rfe8 20.Re1 Nd7 21.Bxb5 Nxe5 22.Bxe8 f6
23.fxe5 fxg5 24.Bb5 gxh4 25.Bc4 Qc6 26.Rf3 Qb6 27.Rb3 Qc6 28.Qf3  1-0

[Event "Tirnavia"]
[Site "Trnava"]
[Date "1986.??.??"]
[Round "6"]
[White "Kouatly, Bachar"]
[Black "Raicevic, Momcilo"]
[Result "1-0"]
[WhiteElo "2445"]
[BlackElo "2410"]

1.d4 d5 2.c4 e6 3.Nc3 c6 4.Nf3 Nf6 5.e3 Nbd7 6.Bd3 dxc4 7.Bxc4 b5 8.Bd3 a6
9.e4 c5 10.e5 cxd4 11.Nxb5 Nxe5 12.Nxe5 axb5 13.O-O Qd5 14.Qe2 Rb8 15.f4 Be7
16.Rf3 O-O 17.Bd2 Bb7 18.Rh3 g6 19.Bxb5 Qxg2+ 20.Qxg2 Bxg2 21.Kxg2 Rxb5 22.b3 Rc5
23.Rd3 Rc2 24.Kf3 Nd5 25.Rxd4 Bc5 26.Rd3 Bb4 27.Nc4 Bxd2 28.Rxd2 Rc3+ 29.Ke4 Rd8
30.Kd4 Rf3 31.Ke5 Rc8 32.Kd6 Nxf4 33.Kd7 Ra8 34.Rb1 Nd5 35.a4 Rc3 36.a5 Kg7
37.Kd6 Ne3 38.Ra2 Nxc4+ 39.bxc4 Rxc4 40.a6 Rcc8 41.a7 Re8 42.Rb7 e5 43.Rf2 Rad8+
44.Kc7 Ra8 45.Kb6 Re6+ 46.Kb5 Rf6 47.Ra2 Rf1 48.Kc4 Rc1+ 49.Kd5 Rcc8 50.Rf2 Rd8+
51.Kxe5 Re8+ 52.Kd5 Rad8+ 53.Kc6 Re6+ 54.Kb5 Re5+ 55.Kb4 Rd4+ 56.Kc3 Ra4
57.Rfxf7+ Kh6 58.h4 g5 59.Rb6+ Kh5 60.Rxh7+ Kg4 61.Rb4+ Rxb4 62.Kxb4 Re8
63.hxg5 Kxg5 64.Kb5  1-0

[Event "Tirnavia"]
[Site "Trnava"]
[Date "1986.??.??"]
[Round "10"]
[White "Kouatly, Bachar"]
[Black "Lukacs, Peter"]
[Result "1/2-1/2"]
[WhiteElo "2445"]
[BlackElo "2460"]

1.d4 Nf6 2.c4 e6 3.Nf3 d5 4.Nc3 c6 5.e3 Nbd7 6.Bd3 dxc4 7.Bxc4 b5 8.Bd3 a6
9.e4 c5 10.e5 cxd4 11.Nxb5 axb5 12.exf6 Qb6 13.fxg7 Bxg7 14.Qe2 O-O 15.h4 Bb7
16.Rh3 f5  1/2-1/2

[Event "Varna"]
[Site "Varna"]
[Date "1986.??.??"]
[Round "?"]
[White "Lalic, Bogdan"]
[Black "Mnatsakanian, Eduard A"]
[Result "1-0"]
[WhiteElo "2450"]
[BlackElo "2430"]

1.d4 d5 2.c4 c6 3.Nc3 Nf6 4.e3 e6 5.Nf3 Nbd7 6.Bd3 dxc4 7.Bxc4 b5 8.Bd3 a6
9.e4 c5 10.e5 cxd4 11.Nxb5 Nxe5 12.Nxe5 axb5 13.Qf3 Qa5+ 14.Ke2 Bd6 15.Bd2 Qa4
16.b3 Qa6 17.a4 O-O 18.axb5 Qxa1 19.Rxa1 Rxa1 20.Ng4 Nd5 21.Nh6+ Kh8 22.Nxf7+ Kg8
23.Qh5 Rxf7 24.Qxh7+ Kf8 25.Qh8+ Ke7 26.Bg5+ Nf6 27.Qxc8 Rf8 28.Qb7+ Kd8
29.Bc4  1-0

[Event "Varna"]
[Site "Varna"]
[Date "1986.??.??"]
[Round "?"]
[White "Lalic, Bogdan"]
[Black "Mnatsakanian, Eduard A"]
[Result "1-0"]
[WhiteElo "2450"]
[BlackElo "2430"]

1.Nf3 Nf6 2.c4 c6 3.d4 d5 4.Nc3 e6 5.e3 Nbd7 6.Bd3 dxc4 7.Bxc4 b5 8.Bd3 a6
9.e4 c5 10.e5 cxd4 11.Nxb5 Nxe5 12.Nxe5 axb5 13.Qf3 Qa5+ 14.Ke2 Bd6 15.Bd2 Qa4
16.b3 Qa6 17.a4 O-O 18.axb5 Qxa1 19.Rxa1 Rxa1 20.Ng4 Nd5 21.Nh6+ Kh8 22.Nxf7+ Kg8
23.Qh5  1-0

[Event "Wuppertal"]
[Site "Wuppertal"]
[Date "1986.??.??"]
[Round "?"]
[White "Meyer, Peter"]
[Black "Sehner, Norbert"]
[Result "1/2-1/2"]
[WhiteElo "2295"]
[BlackElo "2390"]

1.d4 d5 2.c4 e6 3.Nc3 c6 4.e3 Nf6 5.Nf3 Nbd7 6.Qc2 Bd6 7.e4 dxe4 8.Nxe4 Nxe4
9.Qxe4 e5 10.dxe5 O-O 11.Bd3 f5 12.Qe2 Nxe5 13.Nxe5 Bxe5 14.O-O Qf6 15.Rb1 Bd7
16.b4 Rae8 17.Qf3 c5 18.b5 Qd6 19.h3 b6 20.a4 f4 21.Bb2 Bd4 22.Rbd1 Qf6 23.Bxd4 cxd4
24.Be4 Be6 25.Bd5 Kh8 26.Qd3 Bxd5 27.cxd5 Re5 28.Qxd4 f3 29.g3 Qf5 30.Qg4 Rxd5
31.Qxf5 Rfxf5 32.Rxd5 Rxd5 33.Re1 Kg8 34.Re3 Rd1+ 35.Kh2 Ra1 36.Rxf3  1/2-1/2